[Event "Sportaccord WMG Rapid w"]
[Site "Beijing CHN"]
[Date "2011.12.10"]
[Round "3"]
[White "Danielian,E"]
[Black "Dzagnidze,N"]
[Result "0-1"]
[WhiteTitle "GM"]
[BlackTitle "GM"]
[WhiteElo "2497"]
[BlackElo "2516"]
[WhiteFideId "13300210"]
[BlackFideId "13601903"]
[EventDate "2011.12.09"]

1. Nf3 Nf6 2. c4 e6 3. e3 b6 4. d4 Bb7 5. Bd3 d5 6. Nbd2 Be7 7. O-O O-O 8. b3
Nbd7 9. Bb2 Ne4 10. Rc1 f5 11. Qe2 Bd6 12. Rfd1 Qe7 13. Ne5 Nxd2 14. Qxd2 Nxe5
15. dxe5 Bb4 16. Qc2 Bc5 17. Bd4 Ba3 18. Bb2 Bxb2 19. Qxb2 f4 20. exf4 Rxf4 21.
g3 Rf3 22. Qd4 Raf8 23. Rc2 R3f7 24. Qg4 dxc4 25. Bxc4 Rf5 26. Qd4 R5f7 27. Rcd2
Kh8 28. Qg4 Qc5 29. Qd4 Qxd4 30. Rxd4 Rxf2 31. Bf1 Bd5 32. R4d2 R2f5 33. Re1 c6
34. Bg2 Re8 35. Rc2 Kg8 36. Bxd5 cxd5 37. Rc7 Rf7 38. Rec1 Kf8 39. R7c6 Rd7 40.
Rf1+ Ke7 41. Rd1 Rf8 42. Rd4 Rf5 43. Rg4 g5 44. h4 h6 45. Rc8 Rxe5 46. Rh8 gxh4
47. gxh4 h5 48. Rg5 Rxg5+ 49. hxg5 Kd6 50. Kf2 Rg7 51. Rxh5 Ke5 52. Ke3 Kf5 53.
Rh6 Rxg5 54. Rh7 a5 55. Rb7 Rg2 56. a4 Rg3+ 57. Kd4 Rxb3 58. Rf7+ Kg6 59. Rf1
Rb4+ 60. Ke5 Re4+ 61. Kd6 d4 62. Kc6 d3 63. Rd1 Rd4 64. Kxb6 e5 65. Kxa5 e4 66.
Kb5 e3 67. Kc5 Rd8 68. Kc4 d2 69. Kc3 e2 0-1

[Event "Sportaccord WMG Rapid w"]
[Site "Beijing CHN"]
[Date "2011.12.10"]
[Round "4"]
[White "Ju Wenjun"]
[Black "Skripchenko,A"]
[Result "1-0"]
[WhiteTitle "WGM"]
[BlackTitle "IM"]
[WhiteElo "2543"]
[BlackElo "2468"]
[WhiteFideId "8603006"]
[BlackFideId "13900145"]
[EventDate "2011.12.09"]

1. d4 d5 2. c4 dxc4 3. Nf3 e6 4. e3 a6 5. Bxc4 c5 6. Qe2 Nf6 7. O-O b5 8. Bd3
Nc6 9. dxc5 Bxc5 10. Rd1 Qc7 11. a3 Bd6 12. Nbd2 Bb7 13. b4 Ne5 14. Bb2 Nxd3 15.
Qxd3 Rd8 16. Qe2 O-O 17. Rac1 Qe7 18. Nb3 Ne4 19. Na5 Rc8 20. Nd4 Bd5 21. f3
Bxh2+ 22. Kxh2 Qh4+ 23. Kg1 Ng3 24. Qe1 Qh1+ 25. Kf2 Qh4 26. Ne2 Nf5+ 27. Kg1
Qg5 28. e4 Ne3 29. Qg3 Qxg3 30. Nxg3 Nxd1 31. Rxd1 Bc4 32. Rd6 Rfd8 33. e5 Rxd6
34. exd6 Bd5 35. Bd4 Rc1+ 36. Kf2 Rd1 37. d7 1-0

[Event "Sportaccord WMG Rapid w"]
[Site "Beijing CHN"]
[Date "2011.12.10"]
[Round "4"]
[White "Muzychuk,A"]
[Black "Cramling,P"]
[Result "1/2-1/2"]
[WhiteTitle "IM"]
[BlackTitle "GM"]
[WhiteElo "2562"]
[BlackElo "2495"]
[WhiteFideId "14111330"]
[BlackFideId "1700030"]
[EventDate "2011.12.09"]

1. e4 c5 2. Nf3 e6 3. d4 cxd4 4. Nxd4 a6 5. c4 Nf6 6. Nc3 Qc7 7. Be2 b6 8. O-O
Bb7 9. f3 Bd6 10. Kh1 Be7 11. Be3 d6 12. Rc1 O-O 13. g4 Re8 14. g5 Nfd7 15. Qe1
Bf8 16. Qg3 Nc6 17. Rfd1 Nxd4 18. Bxd4 Rac8 19. b3 d5 20. Qxc7 Rxc7 21. cxd5
exd5 22. Bd3 Ba3 23. Rc2 dxe4 24. Nxe4 Rec8 25. Rxc7 Rxc7 26. Kg2 Kf8 27. h4 Nc5
28. Be5 Rd7 29. Bd6+ Ke8 30. Nxc5 Bxc5 31. Re1+ Kd8 32. Bxc5 Rxd3 33. Bxb6+ Kd7
34. Be3 a5 35. h5 a4 36. bxa4 Ra3 37. Re2 Bd5 38. Kg3 Rxa4 39. Bc5 Rxa2 40. Re7+
Kc6 41. Bd4 Ra3 42. Re3 Rxe3 43. Bxe3 Kd7 44. Bd4 g6 45. hxg6 hxg6 46. Bc3 Ke6
47. f4 Kf5 48. Bd4 Be4 49. Bc3 Bd5 50. Bd4 Be4 1/2-1/2

[Event "Sportaccord WMG Rapid w"]
[Site "Beijing CHN"]
[Date "2011.12.10"]
[Round "4"]
[White "Dembo,Y"]
[Black "Harika,D"]
[Result "1/2-1/2"]
[WhiteTitle "IM"]
[BlackTitle "GM"]
[WhiteElo "2468"]
[BlackElo "2512"]
[WhiteFideId "723916"]
[BlackFideId "5015197"]
[EventDate "2011.12.09"]

1. e4 e5 2. Nf3 Nc6 3. Bb5 Nf6 4. d3 d6 5. O-O Be7 6. c3 O-O 7. Nbd2 Bd7 8. Ba4
Re8 9. Re1 Bf8 10. Nf1 h6 11. Ng3 Ne7 12. Bb3 Ng6 13. d4 c5 14. dxc5 dxc5 15. a4
Qc7 16. Bc4 Be6 17. Qb3 a6 18. Be3 Rab8 19. a5 Nf4 20. Bxe6 Rxe6 21. Qc4 Rd8 22.
Bxf4 exf4 23. Nf1 Ng4 24. N1d2 b5 25. axb6 Qxb6 26. b3 Ne5 27. Nxe5 Rxd2 28. Nd3
g5 29. Rad1 Rxd1 30. Rxd1 Qb5 31. Qxb5 axb5 32. f3 Ra6 33. Rb1 Ra3 34. Nf2 Bg7
35. Nd1 Ra2 36. Rc1 Rd2 37. Kf1 Kf8 38. Ra1 Bf6 39. Rc1 h5 40. h3 Kg7 41. Ra1
Kg6 42. Rc1 Be5 43. Nf2 f6 44. Nd1 g4 45. hxg4 hxg4 46. fxg4 Kg5 47. Nf2 Kh4 48.
Rd1 Rb2 49. Rd8 Kg3 50. Rd3+ Kh4 51. c4 Bd4 52. Nd1 bxc4 53. Nxb2 cxd3 54. Nxd3
Kxg4 55. b4 c4 56. Ne1 Kg3 57. b5 Bb6 58. Ke2 Ba5 59. Nf3 Kxg2 60. e5 fxe5 61.
Nxe5 c3 62. Kd3 Bc7 63. Ng6 f3 64. Nh4+ Kg3 65. Nxf3 1/2-1/2

[Event "Sportaccord WMG Rapid w"]
[Site "Beijing CHN"]
[Date "2011.12.10"]
[Round "4"]
[White "Zatonskih,A"]
[Black "Cmilyte,V"]
[Result "1/2-1/2"]
[WhiteTitle "IM"]
[BlackTitle "GM"]
[WhiteElo "2506"]
[BlackElo "2503"]
[WhiteFideId "14101572"]
[BlackFideId "12801259"]
[EventDate "2011.12.09"]

1. e4 e5 2. Nf3 Nc6 3. Nc3 Nf6 4. d4 exd4 5. Nxd4 Bb4 6. Nxc6 bxc6 7. Bd3 O-O 8.
O-O d5 9. exd5 cxd5 10. Ne2 Bd6 11. Bf4 Re8 12. Bxd6 Qxd6 13. Ng3 g6 14. Qd2 Ba6
15. Rfe1 Bxd3 16. cxd3 c5 17. b3 Rxe1+ 18. Rxe1 Re8 19. h3 Re6 20. Re2 Qe7 21.
Qc2 Nd7 22. Rxe6 Qxe6 23. Qe2 Kg7 24. Qb2+ Qf6 25. Qc2 Qa1+ 26. Kh2 Qe5 27. Kg1
Qa1+ 28. Kh2 Qe5 29. Kg1 Qa1+ 1/2-1/2

[Event "Sportaccord WMG Rapid w"]
[Site "Beijing CHN"]
[Date "2011.12.11"]
[Round "5"]
[White "Skripchenko,A"]
[Black "Muzychuk,A"]
[Result "0-1"]
[WhiteTitle "IM"]
[BlackTitle "IM"]
[WhiteElo "2468"]
[BlackElo "2562"]
[WhiteFideId "13900145"]
[BlackFideId "14111330"]
[EventDate "2011.12.09"]

1. e4 c5 2. Nf3 e6 3. d3 Nc6 4. c3 Nf6 5. g3 d6 6. Bg2 Be7 7. O-O O-O 8. Re1 e5
9. Nbd2 Re8 10. a4 Bf8 11. Nc4 h6 12. Rb1 Qc7 13. Ne3 Be6 14. Nh4 Qd8 15. Nd5 g6
16. f4 exf4 17. Nxf4 Bg4 18. Nf3 d5 19. exd5 Rxe1+ 20. Qxe1 Nxd5 21. Ne5 Nxe5
22. Qxe5 Nxf4 23. Bxf4 Qxd3 24. Re1 Qd7 25. a5 Rd8 26. h4 c4 27. Kh2 Bd6 28.
Qxd6 Qxd6 29. Bxd6 Rxd6 30. Re8+ Kg7 31. Re7 Be6 32. Bxb7 Rd2+ 33. Kg1 Rxb2 34.
Be4 Re2 35. Bf3 Re3 36. Kf2 Rxc3 37. Rxa7 Ra3 38. a6 Kf6 39. Bb7 c3 40. Be4 Ke5
41. Bb1 Ra1 42. Bd3 Kd4 43. Be2 c2 44. Rc7 c1=Q 0-1

[Event "Sportaccord WMG Rapid w"]
[Site "Beijing CHN"]
[Date "2011.12.11"]
[Round "5"]
[White "Cramling,P"]
[Black "Socko,M"]
[Result "1/2-1/2"]
[WhiteTitle "GM"]
[BlackTitle "GM"]
[WhiteElo "2495"]
[BlackElo "2479"]
[WhiteFideId "1700030"]
[BlackFideId "1106619"]
[EventDate "2011.12.09"]

1. d4 Nf6 2. c4 e6 3. Nf3 b6 4. g3 Ba6 5. Qb3 Bb7 6. Bg2 c5 7. O-O cxd4 8. Nxd4
Bxg2 9. Kxg2 Bc5 10. Rd1 O-O 11. Qd3 Nc6 12. Nxc6 dxc6 13. Qc2 Qe7 14. Nc3 Rfd8
15. Bf4 h6 16. Ne4 e5 17. Bd2 Nxe4 18. Qxe4 Rd4 19. Qc2 Rad8 20. Be1 Qd7 21.
Rxd4 Qxd4 22. Rb1 Be7 23. b3 Bc5 24. b4 Be7 25. a4 h5 26. a5 h4 27. axb6 axb6
28. Rc1 Qg4 29. h3 Qe6 30. g4 e4 31. f3 exf3+ 32. exf3 Bg5 33. Ra1 Qe5 34. Rd1
Re8 35. Bf2 Qe2 36. Qxe2 Rxe2 37. Kf1 Rc2 38. Rd4 Be7 39. b5 cxb5 40. cxb5 Bc5
41. Rd8+ Kh7 42. Bxh4 Rb2 43. Rd7 Kg8 44. Rd8+ Kh7 45. Rd7 Kg8 46. Rd8+ Kh7 47.
Rd7 1/2-1/2

[Event "Sportaccord WMG Rapid w"]
[Site "Beijing CHN"]
[Date "2011.12.11"]
[Round "5"]
[White "Stefanova,A"]
[Black "Zatonskih,A"]
[Result "1-0"]
[WhiteTitle "GM"]
[BlackTitle "IM"]
[WhiteElo "2531"]
[BlackElo "2506"]
[WhiteFideId "2902257"]
[BlackFideId "14101572"]
[EventDate "2011.12.09"]

1. d4 e6 2. Nf3 d5 3. e3 c5 4. b3 Nf6 5. Bd3 Nc6 6. O-O Bd6 7. Bb2 Qc7 8. c4
cxd4 9. exd4 O-O 10. Nc3 a6 11. c5 Bf4 12. g3 Bh6 13. Na4 Nd7 14. Bc1 Bxc1 15.
Rxc1 Rb8 16. Re1 g6 17. Qd2 Qd8 18. Qf4 Re8 19. a3 f6 20. Qh6 Nf8 21. Nb6 Kh8
22. Rcd1 Bd7 23. b4 Qe7 24. Nxd5 Qf7 25. Nb6 Ne7 26. Qf4 Qg7 27. Nxd7 Nxd7 28.
Rxe6 Nd5 29. Qd6 Qf7 30. Rde1 Red8 31. Qxd5 Nf8 32. Qb3 Nxe6 33. Qxe6 Qf8 34.
Qb6 Rd7 35. Bc4 Kg7 36. d5 Re8 37. Rxe8 Qxe8 38. c6 bxc6 39. Qxc6 Qd8 40. Nd4
Kh6 41. Ne6 Qe7 42. Qc5 Rd6 43. Qe3+ g5 44. h4 a5 45. b5 Kg6 46. hxg5 fxg5 47.
b6 Qf6 48. b7 1-0

[Event "Sportaccord WMG Rapid w"]
[Site "Beijing CHN"]
[Date "2011.12.11"]
[Round "5"]
[White "Cmilyte,V"]
[Black "Dembo,Y"]
[Result "0-1"]
[WhiteTitle "GM"]
[BlackTitle "IM"]
[WhiteElo "2503"]
[BlackElo "2468"]
[WhiteFideId "12801259"]
[BlackFideId "723916"]
[EventDate "2011.12.09"]

1. d4 Nf6 2. c4 g6 3. Nc3 Bg7 4. e4 d6 5. f3 O-O 6. Nge2 c5 7. d5 e6 8. Ng3 exd5
9. cxd5 h5 10. Bg5 a6 11. a4 Nbd7 12. Be2 Qe8 13. O-O Nh7 14. Be3 f5 15. Qd2 h4
16. Nh1 Ndf6 17. Nf2 Bd7 18. Rfe1 Qf7 19. Bc4 Nh5 20. f4 Kh8 21. e5 Be8 22. e6
Qc7 23. a5 N7f6 24. Na4 Ng4 25. Nxg4 fxg4 26. Nb6 Rb8 27. Be2 g3 28. h3 Bf6 29.
Rac1 Ng7 30. Bg4 Be7 31. b4 Nf5 32. Bxf5 Rxf5 33. bxc5 dxc5 34. Qc3+ Kg8 35.
Bxc5 Bxc5+ 36. Qxc5 Qxf4 37. Kh1 Bc6 38. e7 Re8 39. Rcd1 Bb5 40. Qe3 Qf2 41. d6
Bc6 42. Qxf2 gxf2 43. Rf1 Kf7 44. Rd2 Rxa5 45. Rfxf2+ Rf5 46. Rxf5+ gxf5 47. Re2
a5 48. Kg1 a4 49. Nc4 Kf6 50. Na5 Bb5 51. Rb2 Bd7 52. Nxb7 Rb8 53. Kf2 a3 54.
Ra2 Rxb7 55. Rxa3 Rb8 56. Re3 Rb2+ 57. Kg1 Rb1+ 58. Kf2 Rb2+ 59. Kg1 Rb8 60. Kf2
Kf7 61. Kf3 Rg8 62. Re2 Rg6 63. Rd2 Re6 64. g3 hxg3 65. Kxg3 Re3+ 66. Kf4 Rxh3
67. Re2 Rh4+ 68. Kg5 Rg4+ 69. Kh5 Rg8 70. Kh4 Kf6 71. Re1 f4 0-1

[Event "Sportaccord WMG Rapid w"]
[Site "Beijing CHN"]
[Date "2011.12.11"]
[Round "6"]
[White "Ju Wenjun"]
[Black "Dzagnidze,N"]
[Result "1/2-1/2"]
[WhiteTitle "WGM"]
[BlackTitle "GM"]
[WhiteElo "2543"]
[BlackElo "2516"]
[WhiteFideId "8603006"]
[BlackFideId "13601903"]
[EventDate "2011.12.09"]

1. d4 Nf6 2. c4 e6 3. g3 d5 4. Nf3 dxc4 5. Bg2 Nc6 6. Qa4 Bb4+ 7. Bd2 Nd5 8.
Bxb4 Nxb4 9. Nc3 Bd7 10. O-O a6 11. Ne5 b5 12. Qa3 O-O 13. Nxc6 Nxc6 14. Qc5 Qe8
15. a4 b4 16. Ne4 e5 17. dxe5 Nxe5 18. Qxb4 Rb8 19. Qc3 Bc6 20. Rfc1 Qe7 21. Nd2
Bxg2 22. Kxg2 Rb4 23. Rc2 c5 24. a5 h5 25. Nf3 Nc6 26. Kg1 Rd8 27. Rd2 Rxd2 28.
Qxd2 Nd4 29. Nxd4 cxd4 30. Rd1 Rb5 31. Qxd4 Qxe2 32. Rd2 Qe1+ 33. Kg2 Qe6 34.
Qc3 Qc6+ 35. Kg1 Qc7 36. Rc2 Rxa5 37. Qxc4 Qxc4 38. Rxc4 Rb5 39. Rc6 Rxb2 40.
Rxa6 Kh7 41. Kg2 Rc2 42. h4 Rb2 43. Kg1 Rc2 44. Kg2 Rb2 45. Kg1 1/2-1/2

[Event "Sportaccord WMG Rapid w"]
[Site "Beijing CHN"]
[Date "2011.12.11"]
[Round "6"]
[White "Paehtz,E"]
[Black "Stefanova,A"]
[Result "1/2-1/2"]
[WhiteTitle "IM"]
[BlackTitle "GM"]
[WhiteElo "2457"]
[BlackElo "2531"]
[WhiteFideId "4641833"]
[BlackFideId "2902257"]
[EventDate "2011.12.09"]

1. e4 c6 2. d3 d5 3. Nd2 g6 4. Ngf3 Bg7 5. g3 e5 6. Bg2 Ne7 7. Qe2 dxe4 8. dxe4
O-O 9. O-O Qc7 10. b3 f6 11. a4 Be6 12. Ba3 c5 13. Nc4 b6 14. Nfd2 Nbc6 15. c3
Rad8 16. Ne3 f5 17. Bh3 Qc8 18. Nec4 f4 19. Bxe6+ Qxe6 20. Kg2 Bh6 21. f3 fxg3
22. hxg3 Na5 23. Rad1 Bxd2 24. Rxd2 Rxd2 25. Nxd2 Nxb3 26. Nc4 Nc6 27. Rd1 Nba5
28. Nxa5 Nxa5 29. Rd5 Nc6 30. Bc1 Ne7 31. Rd1 Kg7 32. Bg5 Ng8 33. Rd5 h6 34. Bd8
Rf7 35. c4 g5 36. Qb2 Kh7 37. Qxe5 Qc6 38. Rd6 Qxa4 39. Qe6 Qc2+ 40. Kh3 g4+ 41.
Qxg4 Qxc4 42. Qg6+ Kh8 43. Bf6+ Rxf6 44. Rxf6 Nxf6 45. Qxf6+ Kg8 46. Qg6+ Kf8
47. Qxh6+ Ke7 48. Qg5+ Kd7 49. Qg7+ Kc6 50. Qxa7 Qe6+ 51. g4 c4 52. Qa3 Kb7 53.
Qc3 b5 54. Kg3 Kc6 55. g5 Kc5 56. Qe3+ Kb4 57. Qd4 Kb3 58. Qf6 Qxf6 59. gxf6 c3
60. f7 c2 61. f8=Q c1=Q 62. Qf7+ Ka3 63. Qa7+ Kb3 64. Qf7+ Ka3 65. Qa7+ Kb3 1/2-1/2

[Event "Sportaccord WMG Rapid w"]
[Site "Beijing CHN"]
[Date "2011.12.11"]
[Round "6"]
[White "Cramling,P"]
[Black "Harika,D"]
[Result "1/2-1/2"]
[WhiteTitle "GM"]
[BlackTitle "GM"]
[WhiteElo "2495"]
[BlackElo "2512"]
[WhiteFideId "1700030"]
[BlackFideId "5015197"]
[EventDate "2011.12.09"]

1. d4 Nf6 2. Nf3 e6 3. c4 b6 4. g3 Bb4+ 5. Bd2 c5 6. Bg2 Bb7 7. O-O O-O 8. Bxb4
cxb4 9. Qb3 a5 10. a3 Na6 11. Nbd2 d6 12. Ne1 Bxg2 13. Nxg2 e5 14. d5 Nd7 15. e4
Qe8 16. Qc2 Rc8 17. a4 Nac5 18. Ne3 g6 19. b3 Qe7 20. Rae1 Rce8 21. Kh1 f6 22.
f3 Kh8 23. Rf2 Rf7 24. Ree2 Qf8 25. f4 exf4 26. gxf4 Rfe7 27. Nef1 f5 28. Ng3
Qf6 29. exf5 Qc3 30. Rxe7 Rxe7 31. Qd1 Nd3 32. Re2 Nf6 33. Qf1 Rxe2 34. Qxe2
Nxf4 35. Qe7 Qxd2 36. Qxf6+ Kg8 37. Qd8+ Kf7 38. Qd7+ Kf8 39. Qxd6+ Kf7 40. Qd7+
Kf8 41. Qd8+ Kf7 42. Qd7+ Kf8 43. Qd8+ Kf7 44. Qd7+ 1/2-1/2

[Event "Sportaccord WMG Rapid w"]
[Site "Beijing CHN"]
[Date "2011.12.11"]
[Round "6"]
[White "Dembo,Y"]
[Black "Skripchenko,A"]
[Result "1-0"]
[WhiteTitle "IM"]
[BlackTitle "IM"]
[WhiteElo "2468"]
[BlackElo "2468"]
[WhiteFideId "723916"]
[BlackFideId "13900145"]
[EventDate "2011.12.09"]

1. e4 d6 2. d4 Nf6 3. Nc3 g6 4. f4 Bg7 5. Nf3 O-O 6. Bd3 Nc6 7. e5 dxe5 8. fxe5
Nh5 9. Be4 f6 10. exf6 Nxf6 11. Bxc6 bxc6 12. O-O Qd6 13. Ne2 Ba6 14. Re1 Ng4
15. Ng3 c5 16. Re4 Bxd4+ 17. Nxd4 Nf2 18. Qe1 Nxe4 19. Nf3 Nxg3 20. hxg3 e5 21.
Bh6 Rfe8 22. Rd1 Qe6 23. Qd2 Bb7 24. Ng5 Qc6 25. Qf2 Rf8 26. Bxf8 Rxf8 27. Rd8 1-0

[Event "Sportaccord WMG Rapid w"]
[Site "Beijing CHN"]
[Date "2011.12.11"]
[Round "6"]
[White "Zatonskih,A"]
[Black "Socko,M"]
[Result "1/2-1/2"]
[WhiteTitle "IM"]
[BlackTitle "GM"]
[WhiteElo "2506"]
[BlackElo "2479"]
[WhiteFideId "14101572"]
[BlackFideId "1106619"]
[EventDate "2011.12.09"]

1. e4 c5 2. d3 Nc6 3. g3 g6 4. Bg2 Bg7 5. f4 d6 6. Nf3 e6 7. c3 Nge7 8. O-O O-O
9. Be3 b6 10. Bf2 Ba6 11. a4 e5 12. Na3 Qd7 13. Re1 Rad8 14. Qc2 exf4 15. gxf4
d5 16. Nb5 d4 17. c4 Bb7 18. Bg3 a6 19. Na3 Rde8 20. Qd1 Kh8 21. Nc2 Ng8 22. Qd2
Nf6 23. b4 Nh5 24. Rab1 Bh6 25. Rf1 Ba8 26. Nfe1 f5 27. Bh3 Qg7 28. exf5 gxf5
29. Kf2 Ne5 30. Rg1 Ng4+ 31. Kf1 Qc7 32. Bg2 Bxg2+ 33. Nxg2 Qc6 34. Qd1 Rg8 35.
bxc5 bxc5 36. a5 Rb8 37. Rxb8 Rxb8 38. Nh4 Qf6 39. Rg2 Rb2 40. Kg1 Bxf4 41. Be1
Qe5 42. Nxf5 Qxf5 43. Rxg4 Rxc2 44. Rxf4 Nxf4 45. Qxc2 Nxd3 46. Bg3 Qe4 47. Qb1
Qe3+ 48. Kg2 Qe2+ 49. Kh3 Qe6+ 50. Kg2 Qxc4 51. Qb8+ Kg7 52. Qb7+ Kf6 53. Qf3+
Ke6 54. Qe4+ Kd7 55. Qb7+ Ke8 56. Qc8+ Kf7 57. Qb7+ Kg8 58. Qc8+ Kg7 59. Qg4+
Kf7 60. Qf5+ Ke7 61. Qe4+ Kd7 62. Qb7+ Ke8 63. Qe4+ Kd8 64. Qa8+ Ke7 65. Qe4+
Kf6 66. Bh4+ Kg7 67. Qg4+ Kf7 68. Qf5+ Kg8 69. Qg5+ Kf7 70. Qf6+ Kg8 71. Qg5+
Kf7 72. Qf6+ Kg8 73. Qd8+ Kf7 74. Qf6+ 1/2-1/2

[Event "Sportaccord WMG Rapid w"]
[Site "Beijing CHN"]
[Date "2011.12.11"]
[Round "7"]
[White "Stefanova,A"]
[Black "Cramling,P"]
[Result "1/2-1/2"]
[WhiteTitle "GM"]
[BlackTitle "GM"]
[WhiteElo "2531"]
[BlackElo "2495"]
[WhiteFideId "2902257"]
[BlackFideId "1700030"]
[EventDate "2011.12.09"]

1. d4 e6 2. Nf3 c5 3. e3 Nf6 4. Bd3 d5 5. b3 Nc6 6. O-O Bd6 7. Bb2 O-O 8. a3 b6
9. Ne5 Bb7 10. Nd2 Ne7 11. Qf3 Ng6 12. Qh3 cxd4 13. Nxg6 hxg6 14. exd4 Nh5 15.
g3 Nf6 16. Rfe1 Rc8 17. c3 Rc7 18. f4 Qc8 19. Rac1 a5 20. Nf3 Nh7 21. a4 Ba6 22.
Bb1 b5 23. axb5 Bxb5 24. Ne5 Rd8 25. Nxf7 Rxf7 26. Bxg6 Nf8 27. Bxf7+ Kxf7 28.
c4 Bd7 29. cxd5 Qb7 30. dxe6+ Bxe6 31. Qh5+ Kg8 32. Qxa5 Ra8 33. Qd2 Ra2 34. Ra1
Bb4 35. Qe2 Rxa1 36. Rxa1 Bxb3 37. f5 Be7 38. Ba3 Bxa3 39. Rxa3 Bd5 40. f6 Qb1+
41. Kf2 Qh1 42. fxg7 Ne6 43. Qh5 Qg2+ 44. Ke1 Qg1+ 45. Kd2 Qxd4+ 46. Rd3 Qf2+
47. Qe2 Qxe2+ 48. Kxe2 Bc4 49. Kd2 Bxd3 50. Kxd3 Kxg7 51. h4 Kf6 52. Ke4 Ng7 53.
g4 Ne6 54. Kd5 Nf4+ 55. Kd6 Ng2 56. h5 Ne3 57. h6 Nxg4 58. h7 Kg7 1/2-1/2

[Event "Sportaccord WMG Rapid w"]
[Site "Beijing CHN"]
[Date "2011.12.11"]
[Round "7"]
[White "Socko,M"]
[Black "Cmilyte,V"]
[Result "0-1"]
[WhiteTitle "GM"]
[BlackTitle "GM"]
[WhiteElo "2479"]
[BlackElo "2503"]
[WhiteFideId "1106619"]
[BlackFideId "12801259"]
[EventDate "2011.12.09"]

1. d4 f5 2. c4 Nf6 3. Nc3 d6 4. Nf3 g6 5. g3 Bg7 6. Bg2 O-O 7. O-O c6 8. Rb1 Na6
9. b4 Ne4 10. Qb3 Kh8 11. Bb2 Nc7 12. Rbd1 d5 13. cxd5 cxd5 14. Ne5 Be6 15. Na4
b6 16. Nc3 Qe8 17. Qc2 Rc8 18. Qd3 Nd6 19. a4 a6 20. e3 b5 21. a5 Nc4 22. Ba1
Qd8 23. Nf3 Qd6 24. Rb1 Ne8 25. Rfd1 Nf6 26. Ne1 g5 27. Qe2 f4 28. exf4 gxf4 29.
Nd3 fxg3 30. hxg3 Bg4 31. Qe1 Bxd1 32. Rxd1 e6 33. Ne2 Ne4 34. Nef4 Qc6 35. Qe2
Rf7 36. Qh5 Kg8 37. Nc5 Re8 38. Nxe4 dxe4 39. Qg4 Kh8 40. Nh5 Qd6 41. Bxe4 Rg8
42. Qh3 Bf8 43. Nf6 Rgg7 44. Ne8 Qf4 45. Qg2 Qg4 46. f3 Qxg3 47. Nxg7 Qxg2+ 48.
Kxg2 Ne3+ 49. Kh3 Nxd1 50. Nxe6 Nf2+ 51. Kg2 Nxe4 52. fxe4 Bxb4 53. d5+ Kg8 54.
e5 Re7 55. Kf3 Rxe6 56. dxe6 Bxa5 57. Ke4 Kf8 58. Kd5 h5 59. Kc6 Ke7 60. Bd4
Kxe6 61. Kb7 h4 62. Kxa6 h3 63. Bg1 b4 0-1

[Event "Sportaccord WMG Rapid w"]
[Site "Beijing CHN"]
[Date "2011.12.11"]
[Round "7"]
[White "Danielian,E"]
[Black "Zatonskih,A"]
[Result "0-1"]
[WhiteTitle "GM"]
[BlackTitle "IM"]
[WhiteElo "2497"]
[BlackElo "2506"]
[WhiteFideId "13300210"]
[BlackFideId "14101572"]
[EventDate "2011.12.09"]

1. d4 d5 2. Bf4 c5 3. e3 Nc6 4. Nf3 Nf6 5. c3 Qb6 6. Qb3 c4 7. Qxb6 axb6 8. Nbd2
b5 9. h3 h6 10. g4 b4 11. Bg2 e6 12. O-O Be7 13. Ne5 O-O 14. e4 Rd8 15. Bg3 Nxe5
16. Bxe5 b5 17. exd5 Nxd5 18. cxb4 Bxb4 19. Ne4 Bb7 20. a3 Bf8 21. Rfc1 Rac8 22.
a4 b4 23. a5 Ba6 24. Bf1 Rc6 25. Ra4 Rdc8 26. Nc5 Bxc5 27. dxc5 Rxc5 28. Bd4
R5c6 29. Bg2 c3 30. bxc3 bxc3 31. Bxd5 exd5 32. Rb4 c2 33. Be3 Bd3 34. f3 Re6
35. Bf4 Re2 36. Rd4 Bc4 37. Rd2 Rxd2 38. Bxd2 Bd3 39. Kf2 d4 40. Ra1 Rc6 41. Ra3
Ba6 42. Ra1 Re6 43. Re1 Rc6 44. h4 f6 45. g5 fxg5 46. hxg5 hxg5 47. Bxg5 Kf7 48.
Bd2 Rc5 49. Rc1 d3 50. f4 Rh5 51. Ke3 Rh2 52. Re1 Re2+ 53. Rxe2 dxe2 54. Kf2 Ke6
55. Ke1 Kf5 56. Kf2 Ke4 57. Bc1 g6 58. Ke1 Kd3 59. Bb2 Bb5 60. Bc1 Kc3 61. Kf2
Kb4 62. Ke1 Kxa5 63. Kd2 Ka4 64. Bb2 Kb3 65. Bc1 Ka2 66. Ke1 Kb1 67. Kd2 e1=Q+ 0-1

[Event "78th ch-BRA"]
[Site "Campinas BRA"]
[Date "2011.12.10"]
[Round "1"]
[White "Matsuura,E"]
[Black "Vescovi,G"]
[Result "1/2-1/2"]
[WhiteTitle "GM"]
[BlackTitle "GM"]
[WhiteElo "2487"]
[BlackElo "2637"]
[WhiteFideId "2100169"]
[BlackFideId "2100789"]
[EventDate "2011.12.10"]

1. e4 c5 2. Nf3 Nc6 3. d4 cxd4 4. Nxd4 Qb6 5. Nb3 Nf6 6. Nc3 e6 7. Bd3 a6 8. O-O
d6 9. Qe2 g6 10. Bf4 Qc7 11. Rad1 b6 12. h3 Bb7 13. Qe3 Bg7 14. Be2 Ne5 15. Rd4
O-O 16. Rfd1 Ne8 17. Bh6 b5 18. Bxg7 Kxg7 19. f4 Nd7 20. e5 d5 21. R4d2 b4 22.
Ne4 a5 23. Ng3 Ba6 24. Nd4 Bxe2 25. Rxe2 Kg8 26. f5 exf5 27. Ngxf5 gxf5 28. e6
f4 29. Qf2 fxe6 30. Nxe6 Qd6 31. Nxf8 Nxf8 32. Qd4 Nc7 33. Rde1 Nfe6 34. Qf6 Rf8
35. Qh6 f3 36. gxf3 Kh8 37. Rxe6 Qg3+ 38. Kh1 Qxf3+ 39. Kh2 Qf2+ 40. Kh1 Qf3+
41. Kh2 Nxe6 42. Qxe6 Qf2+ 1/2-1/2

[Event "78th ch-BRA"]
[Site "Campinas BRA"]
[Date "2011.12.10"]
[Round "1"]
[White "Barbosa,Ev"]
[Black "El Debs,F"]
[Result "0-1"]
[WhiteTitle "IM"]
[BlackTitle "GM"]
[WhiteElo "2412"]
[BlackElo "2477"]
[WhiteFideId "2115824"]
[BlackFideId "2106981"]
[EventDate "2011.12.10"]

1. e4 c6 2. d4 d5 3. Nc3 dxe4 4. Nxe4 Bf5 5. Ng3 Bg6 6. h4 h6 7. Nf3 Nd7 8. h5
Bh7 9. Bd3 Bxd3 10. Qxd3 e6 11. Bd2 Ngf6 12. O-O-O Be7 13. Ne4 Nxe4 14. Qxe4 Nf6
15. Qd3 O-O 16. g4 Nxg4 17. Rhg1 f5 18. Qe2 Kh7 19. Ne5 Nxe5 20. dxe5 Qe8 21.
Rg6 Qf7 22. Qc4 Rad8 23. Qxe6 Qxe6 24. Rxe6 Bc5 25. Rf1 Rfe8 26. Rxe8 Rxe8 27.
Bc3 g6 28. b4 Be7 29. hxg6+ Kxg6 30. Rg1+ Kf7 31. f4 h5 32. Bd4 h4 33. a3 Ke6
34. c4 Rd8 35. Bb2 Rd3 36. Rg6+ Kf7 37. Rh6 Kg7 38. Rh5 Kg6 39. Rh8 Rd8 0-1

[Event "78th ch-BRA"]
[Site "Campinas BRA"]
[Date "2011.12.10"]
[Round "1"]
[White "Leitao,R"]
[Black "Di Berardino,D"]
[Result "1-0"]
[WhiteTitle "GM"]
[BlackTitle "IM"]
[WhiteElo "2626"]
[BlackElo "2491"]
[WhiteFideId "2101246"]
[BlackFideId "2105446"]
[EventDate "2011.12.10"]

1. d4 Nf6 2. c4 e6 3. Nc3 Bb4 4. Qc2 O-O 5. a3 Bxc3+ 6. Qxc3 b5 7. cxb5 c6 8.
Qg3 cxb5 9. Bh6 Ne8 10. e4 f5 11. exf5 Nc6 12. Rd1 Bb7 13. Bg5 Nf6 14. d5 exd5
15. Bd3 Qe8+ 16. Ne2 Ne4 17. Bxe4 Qxe4 18. Be3 d4 19. Nxd4 Nxd4 20. Rxd4 Qb1+
21. Rd1 Qxf5 22. O-O Rf6 23. f3 a5 24. Rd6 Rxd6 25. Qxd6 Bc6 26. Bd2 Qd5 27.
Qxd5+ Bxd5 28. Bc3 a4 29. Re1 Kf7 30. Re5 Bc6 31. Rh5 Kg8 32. Rg5 g6 33. h4 Re8
34. h5 Kf7 35. Kf2 Re6 36. Rg4 h6 37. Rf4+ Kg8 38. hxg6 Rxg6 39. Rh4 Bd5 40. g4
Kh7 41. f4 Bf7 42. f5 Rc6 43. g5 1-0